Long Words II - Statistics

General Stats
  • This quiz has been taken 11 times
  • The average score is 11 of 14
Answer Stats
Hint Answer % Correct
Stomach rumbles Borborygmus
88%
An isotope of Carbon having 60 molecules arranged in a polyhedron shape, resembling a geodesic sphere. Buckminsterfullerene
88%
Very similar to a dacryocystorhinostomy, meaning the creation of a functional pathway from the canaliculi into the nose by means of creating an osteotomy and opening the nasolacrimal sac into the nose. Canaliculodacryocystorhinostomy
88%
A lake located in Webster, Massachusetts, and is also known as Webster Lake. Chargoggagoggmanchauggagoggchaubunagungamaugg
88%
An electric thermometer that can measure temperatures from long distances. Electrotelethermometer
88%
An exaggerated form of the fear of long words. Hippopotomonstrosesquippedaliophobia
88%
A brain scan used after injecting air in it. Pneumoencephalography
88%
A lung disease caused by inhaling the fine silica dust. Pneumonoultramicroscopicsilicovolcanoconiosis
88%
A figure containing rhombi and cubes. Pseudorhombicuboctahedron
88%
Very good. Supercalifragilisticexpialidocious
88%
A defect similar to PPH. Pseudohypoparathyroidism
75%
A defect causing short hand bones. Pseudopseudohypoparathyroidism
75%
Goals. Counterrevolutionaries
63%
Aa simple optical technique used to detect volumetric changes in blood in peripheral circulation. Photoplethysmography
50%
No matching quizzes found
Score Distribution
Percent of People with Each Score
Percentile by Number Answered
Your Score History
You have not taken this quiz